| 000 | 01438ngm a22003970a 4500 | ||
|---|---|---|---|
| 001 | PT48684 | ||
| 003 | AR-LpoUNG | ||
| 005 | 20210202000034.0 | ||
| 007 | vd cvaizq | ||
| 008 | 191001s1994||||xxu|||||||||||||||||spa d | ||
| 037 | _c$5 | ||
| 040 |
_aAR-LpoUNG _bspa _cAR-LpoUNG _eaacr |
||
| 041 | _aspa | ||
| 044 | _axxu | ||
| 082 | 0 | _a302.52 984fre | |
| 100 | 1 |
_aGutiérrez Alea, Tomás _edir. |
|
| 245 | 1 | 0 | _aFresa & chocolate |
| 260 |
_as.l. : _bEmerald, _c1994. |
||
| 300 | _aDVD (104 min.) : son., col. | ||
| 505 | 0 | _aGuión: Senel Paz. Música: José María Vitier. Fotografía: Mario García Joya. Coproducción Cuba, España y México. Intérpretes: Jorge Perugorría, Vladimir Cruz, Mirta Ibarra, Francisco Gattorno, Marilyn Solaya, Joel Angelino. Subtítulada en inglés. | |
| 520 | _aDavid es un comunista convencido que estudia sociología en la Universidad de La Habana. Diego es un artista homosexual ahogado en la homofobia del régimen. A pesar de sus abismales diferencias, entre ambos surge una profunda amistad. | ||
| 650 | 4 | _aCUBA | |
| 650 | 4 | _aDRAMA | |
| 650 | 4 | _aESTUDIANTES UNIVERSITARIOS | |
| 650 | 4 | _aHOMOSEXUALIDAD | |
| 650 | 4 | _aIDEOLOGIAS POLITICAS | |
| 650 | 4 | _aRELACIONES HUMANAS | |
| 653 | _aAMISTAD | ||
| 653 | _aCINE CUBANO | ||
| 653 | _aDVD | ||
| 653 | _aVIDEOS | ||
| 700 | 1 |
_aRedford, Robert _epres. |
|
| 700 | 1 |
_aTabio, Juan Carlos _edir. |
|
| 905 | _a48684 | ||
| 942 | _cDVD | ||
| 999 |
_c54007 _d54007 |
||